书目信息 |
| 题名: |
钨舅舅
|
|
| 作者: | 萨克斯 著 ;廖月娟 译 | |
| 分册: | ||
| 出版信息: | 北京 中信出版社 2016 |
|
| 页数: | 16,339页 | |
| 开本: | 21cm | |
| 丛书名: | ||
| 单 册: | ||
| 中图分类: | B842.1 | |
| 科图分类: | ||
| 主题词: | 认知科学--ren zhi ke xue--通俗读物 | |
| 电子资源: | ||
| ISBN: | 978-7-5086-6248-0 | |
| 000 | 01007nam0 22002651 450 | |
| 001 | 0109172522 | |
| 005 | 20170309172522.0 | |
| 010 | @a978-7-5086-6248-0@b精装@dCNY48.00 | |
| 100 | @a20160831d2016 em y0chiy50 ea | |
| 101 | 1 | @achi@ceng |
| 102 | @aCN@b110000 | |
| 105 | @aa z 000yy | |
| 106 | @ar | |
| 200 | 1 | @a钨舅舅@9wu jiu jiu@dUncle Tungsten@e少年萨克斯的化学爱恋@f(美)奥利弗·萨克斯(Oliver Sacks)著@g廖月娟译@zeng |
| 210 | @a北京@c中信出版社@d2016 | |
| 215 | @a16,339页@c照片@d21cm | |
| 330 | @a本书展现了化学之美的童年回忆录。出生于医学世家的少年萨克斯收到钨舅舅的影响和鼓励,狂热地喜欢上了化学,沉浸在各式各样魔术般的化学实验中。 | |
| 510 | 1 | @aUncle Tungsten@zeng |
| 517 | 1 | @a少年萨克斯的化学爱恋@9shao nian sa ke si de hua xue ai lian |
| 606 | 0 | @a认知科学@9ren zhi ke xue@j通俗读物 |
| 690 | @aB842.1@v5 | |
| 701 | 0 | @c(美)@a萨克斯@9sa ke si@c(Sacks, Oliver)@4著 |
| 702 | 0 | @a廖月娟@9liao yue juan@4译 |
| 801 | 0 | @aCN@bTANGWEI@c20170308 |
| 905 | @b0954258-60@dB842.1@e1509@f3 | |
| 钨舅舅=Uncle Tungsten:少年萨克斯的化学爱恋/(美)奥利弗·萨克斯(Oliver Sacks)著/廖月娟译.-北京:中信出版社,2016 |
| 16,339页:照片;21cm |
| ISBN 978-7-5086-6248-0(精装):CNY48.00 |
| 本书展现了化学之美的童年回忆录。出生于医学世家的少年萨克斯收到钨舅舅的影响和鼓励,狂热地喜欢上了化学,沉浸在各式各样魔术般的化学实验中。 |
| ● |
| 相关链接 |
|
|
|
|
正题名:钨舅舅
索取号:B842.1/1509
 
预约/预借
| 序号 | 登录号 | 条形码 | 馆藏地/架位号 | 状态 | 备注 |
| 1 | 0954258 | 209542583 | 第一样本阅览室/ [索取号:B842.1/1509] | 在馆 | |
| 2 | 0954259 | 209542592 | 第一借阅区/ [索取号:B842.1/1509] | 在馆 | |
| 3 | 0954260 | 209542609 | 第一借阅区/ [索取号:B842.1/1509] | 在馆 |